000
00216nam a22000857a 4500
008
161202b xxu||||| |||| 00| 0 eng d
100
_9
1739
_a
Soni, A., etal
245
_a
A Course in Computers
260
_a
New Delhi
_b
Navdeep
999
_c
4449
_d
4449